Poder para el maestro, poder para la escuela : (Record no. 110085)
[ view plain ]
| 000 -LEADER | |
|---|---|
| campo de control de longitud fija | 00698cam a22002055i 4500 |
| 001 - NÚMERO DE CONTROL | |
| campo de control | 125230 |
| 005 - FECHA Y HORA DE LA ÚLTIMA TRANSACCIÓN | |
| campo de control | 20230411085949.0 |
| 008 - DATOS DE LONGITUD FIJA--INFORMACIÓN GENERAL | |
| campo de control de longitud fija | 170317t20162016mx 000 0 spa |
| 020 ## - NÚMERO INTERNACIONAL ESTÁNDAR DEL LIBRO | |
| Número Internacional Estándar del Libro | 9786079357849 |
| 020 ## - NÚMERO INTERNACIONAL ESTÁNDAR DEL LIBRO | |
| Número Internacional Estándar del Libro | 6079357844 |
| 041 ## - CÓDIGO DE IDIOMA | |
| Código de lengua del texto/banda sonora o título independiente | spa |
| 100 1# - ENTRADA PRINCIPAL--NOMBRE DE PERSONA | |
| Nombre de persona | Guevara Niebla, Gilberto, |
| Fechas asociadas al nombre | 1944- |
| Término indicativo de función/relación | author. |
| 245 10 - MENCIÓN DEL TÍTULO | |
| Título | Poder para el maestro, poder para la escuela : |
| Resto del título | lareforma educativa 2013 / |
| Mención de responsabilidad, etc. | Gilberto Guevara Niebla. |
| 246 33 - FORMA VARIANTE DEL TITULO | |
| Título propio/Titulo breve | Explicacion más completa y lúcida de lareforma educativa |
| Texto de visualización | Subtitle from cover: |
| 260 #1 - PUBLICACIÓN, DISTRIBUCIÓN, ETC. | |
| Lugar de publicación, distribución, etc. | México : |
| Nombre del editor, distribuidor, etc. | Ediciones Cal y Arena, |
| Fecha de publicación, distribución, etc. | 2016. |
| 300 ## - DESCRIPCIÓN FÍSICA | |
| Extensión | 263 p. ; |
| Dimensiones | 23 cm |
| 650 #0 - PUNTO DE ACCESO ADICIONAL DE MATERIA--TÉRMINO DE MATERIA | |
| Término de materia o nombre geográfico como elemento de entrada | Cambio educativo |
| Subdivisión geográfica | México. |
| 650 #0 - PUNTO DE ACCESO ADICIONAL DE MATERIA--TÉRMINO DE MATERIA | |
| Término de materia o nombre geográfico como elemento de entrada | Maestros |
| Subdivisión geográfica | México. |
| 942 ## - ELEMENTOS DE ENTRADA SECUNDARIOS (KOHA) | |
| Fuente del sistema de clasificación o colocación | Clasificación de Library of Congress |
| Tipo de ítem Koha | |
| Estatus retirado | Estado de pérdida | Fuente del sistema de clasificación o colocación | Estado de daño | No para préstamo | Colección | Biblioteca de origen | Biblioteca actual | Ubicación en estantería | Fecha de adquisición | Código de barras | Visto por última vez | Copia número | Tipo de ítem Koha |
|---|---|---|---|---|---|---|---|---|---|---|---|---|---|
| Clasificación de Library of Congress | Automatización y Procesos Técnicos | Biblioteca Juan Bosch | Biblioteca Juan Bosch | Automatización y Procesos Técnicos (1er. Piso) | 11/04/2023 | 00000117872 | 17/02/2019 | 1 |
